[Event "Sharjah Blitz op"]
[Site "Sharjah"]
[Date "2021.05.01"]
[Round "3.9"]
[White "Pabalan, Rocky"]
[Black "Saif, Ahmed"]
[Result "1-0"]
[WhiteElo "2040"]
[BlackElo "1839"]
[PlyCount "43"]
[EventDate "2021.05.01"]
[EventType "swiss (blitz)"]
[EventRounds "9"]
[EventCountry "UAE"]
[SourceTitle "CBM 202 Extra"]
[Source "ChessBase"]
[SourceDate "2021.07.31"]
[SourceVersion "1"]
[SourceVersionDate "2021.07.31"]
[SourceQuality "1"]

1. Nf3 d5 2. d4 Nf6 3. e3 c5 4. b3 Nc6 5. Bb2 Bg4 6. Be2 e6 7. Nbd2 Bd6 8. 0-0 0-0 9. Ne5 Bxe2 10. Qxe2 Rc8 11. f4 Ne4 12. Nxe4 dxe4 13. Nxc6 Rxc6 14. c4 Be7 15. Rad1 Qc7 16. d5 exd5 17. cxd5 Ra6 18. a4 Bf6 19. Ba3 Rd8 20. Qc4 Rad6 21. Bxc5 Rxd5 22. Rxd5 1-0

[Event "Sharjah Blitz op"]
[Site "Sharjah"]
[Date "2021.05.01"]
[Round "2.15"]
[White "Saif, Ahmed"]
[Black "Albadin, Alaa"]
[Result "1-0"]
[WhiteElo "1839"]
[BlackElo "1359"]
[PlyCount "131"]
[EventDate "2021.05.01"]
[EventType "swiss (blitz)"]
[EventRounds "9"]
[EventCountry "UAE"]
[SourceTitle "CBM 202 Extra"]
[Source "ChessBase"]
[SourceDate "2021.07.31"]
[SourceVersion "1"]
[SourceVersionDate "2021.07.31"]
[SourceQuality "1"]

1. e4 c5 2. Nf3 d6 3. d4 cxd4 4. Nxd4 Nf6 5. Nc3 Nc6 6. Bg5 e6 7. f4 Be7 8. Nxc6 bxc6 9. e5 dxe5 10. Qxd8+ Bxd8 11. fxe5 Nd5 12. Nxd5 cxd5 13. Bxd8 Kxd8 14. 0-0-0 Ke7 15. g3 Rd8 16. Rd4 a5 17. Bg2 Ra7 18. Kb1 Ba6 19. Rhd1 Rad7 20. Ra4 d4 21. Rxa5 Bb7 22. Bxb7 Rxb7 23. Kc1 f6 24. exf6+ gxf6 25. Rh5 Kf8 26. b3 e5 27. Rf1 Kg7 28. Rhf5 Rb6 29. Kd2 Rc8 30. a4 Rc3 31. R1f3 Rc7 32. a5 Ra6 33. b4 Rc4 34. Rb3 e4 35. Rf4 e3+ 36. Kd3 e2 37. Kxe2 Rxc2+ 38. Kf3 Rxh2 39. Rxd4 Ra2 40. Re3 Kg6 41. Kf4 Rf2+ 42. Rf3 Rb2 43. Ra3 Rf2+ 44. Ke3 Rg2 45. Kf3 Rb2 46. Rg4+ Kf5 47. Rh4 Kg6 48. Ke3 Re6+ 49. Kf3 Rbe2 50. a6 Re8 51. a7 Ra8 52. b5 Rb2 53. Ra5 Rb3+ 54. Kg2 Rb2+ 55. Kh3 h5 56. Rc4 Kg5 57. Rc5+ Kg6 58. Ra3 Rb1 59. Re3 Rh1+ 60. Kg2 Ra1 61. b6 Ra6 62. Rb5 Ra2+ 63. Kf3 Rc2 64. b7 Rxa7 65. b8Q Raa2 66. Qg8+ 1-0

[Event "Sharjah Blitz op"]
[Site "Sharjah"]
[Date "2021.05.01"]
[Round "9.11"]
[White "Saif, Ahmed"]
[Black "Alkhour, Seifedin"]
[Result "1-0"]
[WhiteElo "1839"]
[BlackElo "1444"]
[PlyCount "61"]
[EventDate "2021.05.01"]
[EventType "swiss (blitz)"]
[EventRounds "9"]
[EventCountry "UAE"]
[SourceTitle "CBM 202 Extra"]
[Source "ChessBase"]
[SourceDate "2021.07.31"]
[SourceVersion "1"]
[SourceVersionDate "2021.07.31"]
[SourceQuality "1"]

1. e4 e5 2. Nf3 d5 3. exd5 e4 4. Qe2 Be7 5. Qxe4 Nf6 6. Qa4+ Nbd7 7. c4 0-0 8. Be2 Nc5 9. Qc2 Re8 10. 0-0 g6 11. Nc3 Bf5 12. d3 Bd6 13. Be3 c6 14. dxc6 bxc6 15. Nd4 Bg4 16. b4 Na6 17. a3 Be5 18. Nxc6 Qc7 19. Nxe5 Qxe5 20. d4 Qh5 21. h3 Bxh3 22. Bxh5 Bf5 23. Qa4 Nc7 24. Bf3 Rad8 25. Rfe1 Ne6 26. d5 Ng7 27. Bg5 Rxe1+ 28. Rxe1 Ngh5 29. Bxh5 gxh5 30. Bxf6 Bd7 31. Qxd7 1-0

[Event "Sharjah Blitz op"]
[Site "Sharjah"]
[Date "2021.05.01"]
[Round "6.8"]
[White "Saif, Ahmed"]
[Black "Murtaza, Ali"]
[Result "1-0"]
[WhiteElo "1839"]
[BlackElo "2144"]
[PlyCount "87"]
[EventDate "2021.05.01"]
[EventType "swiss (blitz)"]
[EventRounds "9"]
[EventCountry "UAE"]
[SourceTitle "CBM 202 Extra"]
[Source "ChessBase"]
[SourceDate "2021.07.31"]
[SourceVersion "1"]
[SourceVersionDate "2021.07.31"]
[SourceQuality "1"]

1. e4 Nf6 2. e5 Nd5 3. d4 d6 4. Nf3 Bg4 5. Be2 e6 6. 0-0 Be7 7. h3 Bh5 8. exd6 cxd6 9. c4 Nb6 10. Nc3 0-0 11. b3 Bf6 12. Ne4 Be7 13. d5 e5 14. Bb2 f5 15. Ng3 Bg6 16. c5 dxc5 17. Nxe5 Bf6 18. d6 Bxe5 19. Bxe5 Nc6 20. f4 Re8 21. Bb5 Qh4 22. Ne2 Bh5 23. Qc2 Bxe2 24. Qxe2 Nd7 25. Bxc6 bxc6 26. Qc4+ Kh8 27. Rae1 Nxe5 28. fxe5 Qd8 29. Rxf5 Qd7 30. Rf7 Qd8 31. Qg4 Rg8 32. d7 Qa5 33. Rd1 c4 34. Qxc4 Qxe5 35. Qxc6 Rad8 36. Rdf1 Qe3+ 37. Kh1 h6 38. Qf3 Qd4 39. Qg4 Qd2 40. R1f2 Qc1+ 41. Kh2 Qc7+ 42. Qg3 Qc5 43. h4 Qd5 44. Qg4 1-0

[Event "Sharjah Rapid op"]
[Site "Sharjah"]
[Date "2021.04.30"]
[Round "8.9"]
[White "Saif, Ahmed"]
[Black "Lagutin, Nelman"]
[Result "0-1"]
[WhiteElo "1839"]
[BlackElo "2012"]
[PlyCount "136"]
[EventDate "2021.04.29"]
[EventType "swiss (rapid)"]
[EventRounds "9"]
[EventCountry "UAE"]
[SourceTitle "CBM 202 Extra"]
[Source "ChessBase"]
[SourceDate "2021.07.31"]
[SourceVersion "1"]
[SourceVersionDate "2021.07.31"]
[SourceQuality "1"]

1. e4 c5 2. Nf3 d6 3. d4 cxd4 4. Nxd4 a6 5. Nc3 e6 6. a4 b6 7. Bd3 Bb7 8. 0-0 Nd7 9. f3 Ngf6 10. Kh1 Be7 11. Be3 0-0 12. a5 b5 13. Qd2 d5 14. exd5 Nxd5 15. Nxd5 Bxd5 16. Rfe1 Rc8 17. c3 Ne5 18. Bf2 Nxd3 19. Qxd3 Bd6 20. Nf5 Bc7 21. Red1 Bb3 22. Qxd8 Rcxd8 23. Rxd8 Rxd8 24. Nd4 Bd5 25. Bg3 e5 26. Re1 f6 27. Nf5 Kf7 28. b4 Be6 29. Nd4 exd4 30. Bxc7 Rd7 31. Bf4 dxc3 32. Kg1 c2 33. Rc1 Bb3 34. Be3 Ke6 35. Kf2 Kd5 36. Ke2 Kc4 37. Bd2 Re7+ 38. Kf2 Kd3 39. Be1 Re2+ 40. Kf1 Bc4 41. Ra1 Bb3 42. Rc1 Re6 43. Ra1 Kc4 44. Bd2 Ba4 45. Re1 Rd6 46. Re4+ Kb3 47. Ke2 Kb2 48. Re3 c1Q 49. Bxc1+ Kxc1 50. Rc3+ Kb2 51. Rc7 g6 52. Rxh7 Kb3 53. Rh4 Rc6 54. Rf4 Kc3 55. h4 Bb3 56. Re4 Bc4+ 57. Ke3 Kxb4 58. g4 Kxa5 59. h5 f5 60. gxf5 gxf5 61. Rh4 Rh6 62. Kf4 Bf7 63. Kg5 Rxh5+ 64. Rxh5 Bxh5 65. Kxh5 b4 66. Kg5 b3 67. Kxf5 b2 68. Kg6 b1Q+ 0-1

[Event "Sharjah Rapid op"]
[Site "Sharjah"]
[Date "2021.04.30"]
[Round "7.12"]
[White "Suresh, KK."]
[Black "Saif, Ahmed"]
[Result "0-1"]
[WhiteElo "1617"]
[BlackElo "1839"]
[PlyCount "77"]
[EventDate "2021.04.29"]
[EventType "swiss (rapid)"]
[EventRounds "9"]
[EventCountry "UAE"]
[SourceTitle "CBM 202 Extra"]
[Source "ChessBase"]
[SourceDate "2021.07.31"]
[SourceVersion "1"]
[SourceVersionDate "2021.07.31"]
[SourceQuality "1"]

1. d4 d5 2. Nf3 Nf6 3. Bf4 c5 4. c3 Nc6 5. e3 Qb6 6. Qc2 Bf5 7. Qb3 c4 8. Qxb6 axb6 9. Nbd2 b5 10. Be2 b4 11. 0-0 h6 12. Ne5 bxc3 13. bxc3 Ra3 14. Rfc1 Nxe5 15. Bxe5 Nd7 16. Bg3 Nf6 17. f3 b5 18. Be1 e6 19. Nb1 Ra7 20. Bd1 Bd6 21. Bc2 Bxc2 22. Rxc2 Kd7 23. Nd2 b4 24. cxb4 Rb8 25. Rb1 Ra3 26. Kf2 Rxb4 27. Ke2 Rxb1 28. Nxb1 Ra7 29. g3 Ne8 30. Nc3 Kc6 31. a4 Nc7 32. Ra2 Ra6 33. e4 Bb4 34. h4 Bxc3 35. Bxc3 Rb6 36. a5 Rb3 37. Kd2 Na6 38. h5 Kb5 39. Kc2 0-1

[Event "Sharjah Rapid op"]
[Site "Sharjah"]
[Date "2021.04.29"]
[Round "5.12"]
[White "Rombaua, Mariel Joseph"]
[Black "Saif, Ahmed"]
[Result "1-0"]
[WhiteElo "1782"]
[BlackElo "1839"]
[PlyCount "107"]
[EventDate "2021.04.29"]
[EventType "swiss (rapid)"]
[EventRounds "9"]
[EventCountry "UAE"]
[SourceTitle "CBM 202 Extra"]
[Source "ChessBase"]
[SourceDate "2021.07.31"]
[SourceVersion "1"]
[SourceVersionDate "2021.07.31"]
[SourceQuality "1"]

1. d4 d5 2. e3 Nf6 3. Bd3 c5 4. c3 Nc6 5. f4 Bg4 6. Nf3 Bxf3 7. Qxf3 e6 8. 0-0 Bd6 9. Bd2 Qb6 10. b3 cxd4 11. cxd4 Nxd4 12. exd4 Qxd4+ 13. Rf2 Ne4 14. Bxe4 dxe4 15. Qc3 Bc5 16. Qxd4 Bxd4 17. Bc3 Bxf2+ 18. Kxf2 0-0 19. Nd2 f5 20. Nc4 Rac8 21. Be5 b5 22. Nd6 Rc2+ 23. Kg3 a6 24. a4 b4 25. Rd1 Rd8 26. Rd4 Rc3+ 27. Kh4 Rxb3 28. Rc4 e3 29. Kg3 a5 30. Rc7 Rxd6 31. Bxd6 e2+ 32. Kf2 Re3 33. Ke1 b3 34. Be5 Re4 35. Rxg7+ Kf8 36. Rb7 Rxa4 37. Rxb3 Re4 38. Rb2 a4 39. Rxe2 Rc4 40. Rb2 Kf7 41. Rb7+ Kg6 42. Rg7+ Kh6 43. Re7 Rc6 44. Ra7 Rc4 45. Ra6 Kh5 46. Rxe6 Kg4 47. Ra6 Rb4 48. Rh6 a3 49. Ra6 Rb3 50. Kf2 Rd3 51. h3+ Kh5 52. Bg7 Rd2+ 53. Ke3 a2 54. Rh6# 1-0

[Event "UAE-ch"]
[Site "Sharjah"]
[Date "2019.08.20"]
[Round "5"]
[White "Saif, Ahmed"]
[Black "Sultan, Ibrahim"]
[Result "1-0"]
[WhiteElo "1805"]
[BlackElo "2091"]
[PlyCount "79"]
[EventDate "2019.08.16"]
[EventType "swiss"]
[EventRounds "9"]
[EventCountry "UAE"]
[SourceTitle "EXT 2020"]
[Source "ChessBase"]
[SourceDate "2019.10.17"]
[SourceVersion "1"]
[SourceVersionDate "2019.10.17"]
[SourceQuality "1"]

1. e4 e6 2. Nf3 d5 3. Nc3 Nf6 4. e5 Nfd7 5. d4 c5 6. dxc5 Nc6 7. Bf4 Bxc5 8. Bd3 h6 9. Bg3 a6 10. 0-0 Qe7 11. a3 0-0 12. Re1 b5 13. h4 b4 14. axb4 Bxb4 15. Qe2 Nc5 16. Rec1 Nxd3 17. cxd3 Bd7 18. h5 Rfb8 19. Bf4 Rb7 20. Be3 Qe8 21. Na4 d4 22. Bf4 Rab8 23. Nc5 Bxc5 24. Rxc5 Rxb2 25. Qe4 a5 26. Nxd4 Nxd4 27. Qxd4 a4 28. Rcc1 Bc6 29. Qd6 Bd5 30. Be3 Qb5 31. Qe7 Qxd3 32. Rxa4 Qf5 33. Rf4 Qxh5 34. f3 Rxg2+ 35. Kxg2 Rb2+ 36. Bf2 f6 37. exf6 Qg5+ 38. Kf1 Rb1 39. Rxb1 Bc4+ 40. Rxc4 1-0

[Event "UAE-ch"]
[Site "Sharjah"]
[Date "2019.08.17"]
[Round "2"]
[White "Saif, Ahmed"]
[Black "Hamad, Bader"]
[Result "1-0"]
[WhiteElo "1805"]
[BlackElo "1581"]
[PlyCount "53"]
[EventDate "2019.08.16"]
[EventType "swiss"]
[EventRounds "9"]
[EventCountry "UAE"]
[SourceTitle "EXT 2020"]
[Source "ChessBase"]
[SourceDate "2019.10.17"]
[SourceVersion "1"]
[SourceVersionDate "2019.10.17"]
[SourceQuality "1"]

1. e4 Nf6 2. Nc3 e5 3. Nf3 Bb4 4. Nxe5 0-0 5. Nd3 Bxc3 6. dxc3 Nxe4 7. Be3 d6 8. Qf3 Re8 9. 0-0-0 Nc6 10. g4 Qf6 11. Bg2 Qxf3 12. Bxf3 Nf6 13. h3 Bd7 14. Rhe1 Nd8 15. Bd4 Rxe1 16. Rxe1 Ne8 17. c4 Ne6 18. Be3 Bc6 19. Be2 Nf6 20. Nb4 a5 21. Nxc6 bxc6 22. f4 Kf8 23. Bf3 Ra6 24. c3 Nd7 25. Kc2 g6 26. f5 Nd8 27. Bh6+ 1-0

[Event "UAE-ch"]
[Site "Sharjah"]
[Date "2019.08.16"]
[Round "1"]
[White "Omar, Noaman"]
[Black "Saif, Ahmed"]
[Result "1-0"]
[WhiteElo "2369"]
[BlackElo "1805"]
[PlyCount "77"]
[EventDate "2019.08.16"]
[EventType "swiss"]
[EventRounds "9"]
[EventCountry "UAE"]
[SourceTitle "EXT 2020"]
[Source "ChessBase"]
[SourceDate "2019.10.17"]
[SourceVersion "1"]
[SourceVersionDate "2019.10.17"]
[SourceQuality "1"]

1. d4 d5 2. c4 c6 3. Nf3 Nf6 4. Nc3 a6 5. g3 Bf5 6. Bg2 e6 7. Nh4 Bg4 8. h3 Bh5 9. g4 Nfd7 10. gxh5 Qxh4 11. Qb3 Ra7 12. e4 dxc4 13. Qxc4 b5 14. Qe2 c5 15. d5 e5 16. a4 b4 17. Nd1 a5 18. Ne3 Nb6 19. Qg4 Qxg4 20. hxg4 c4 21. Bf1 Rc7 22. Bd2 c3 23. Bb5+ N8d7 24. Bc1 Bc5 25. bxc3 bxc3 26. Ke2 0-0 27. Nc2 Nc8 28. Rh3 Nd6 29. Bxd7 Rxd7 30. Rxc3 Bxf2 31. Ba3 Bh4 32. Bxd6 Rxd6 33. Ne3 g6 34. Rc6 Rfd8 35. Rac1 Be7 36. Rxd6 Bxd6 37. Rc6 Kf8 38. Nc4 Ke7 39. Kd3 1-0

[Event "Sharjah Ramadan op rapid"]
[Site "Sharjah"]
[Date "2019.05.15"]
[Round "8"]
[White "Saif, Ahmed"]
[Black "Fatima, Saif Al Ali"]
[Result "1-0"]
[WhiteElo "1738"]
[BlackElo "1282"]
[PlyCount "41"]
[EventDate "2019.05.13"]
[EventType "swiss (rapid)"]
[EventRounds "9"]
[EventCountry "UAE"]
[SourceTitle "CBM 190 Extra"]
[Source "ChessBase"]
[SourceDate "2019.07.15"]
[SourceVersion "1"]
[SourceVersionDate "2019.07.15"]
[SourceQuality "1"]

1. e4 c6 2. Nc3 d5 3. Nf3 Bg4 4. h3 Bxf3 5. Qxf3 e6 6. g3 g6 7. Bg2 Bg7 8. 0-0 Ne7 9. Re1 0-0 10. d3 Nd7 11. Bg5 f6 12. Bd2 f5 13. exd5 exd5 14. Bg5 Rf7 15. Qe2 Nf6 16. Qe6 Qc8 17. Na4 Qxe6 18. Rxe6 Re8 19. Rae1 Kf8 20. Nc5 Nc8 21. Bxf6 1-0

[Event "Sharjah op rapid"]
[Site "Sharjah"]
[Date "2018.05.23"]
[Round "2"]
[White "El Taher, Fouad"]
[Black "Saif, Ahmed"]
[Result "1-0"]
[WhiteElo "2483"]
[BlackElo "1787"]
[PlyCount "105"]
[EventDate "2018.05.23"]
[EventType "swiss (rapid)"]
[EventRounds "9"]
[EventCountry "UAE"]
[SourceTitle "CBM 184 Extra"]
[Source "ChessBase"]
[SourceDate "2018.06.28"]
[SourceVersion "1"]
[SourceVersionDate "2018.06.28"]
[SourceQuality "1"]

1. b3 e5 2. Bb2 Nc6 3. e3 Nf6 4. Bb5 Bd6 5. Na3 a6 6. Be2 b5 7. c4 b4 8. Nc2 0-0 9. Nf3 Re8 10. 0-0 Bf8 11. d4 exd4 12. Ncxd4 Nxd4 13. Qxd4 c5 14. Qh4 Bb7 15. Bxf6 Qxf6 16. Qxf6 gxf6 17. Rad1 Red8 18. Nh4 a5 19. Bf3 Bxf3 20. gxf3 a4 21. Rd3 d6 22. Nf5 axb3 23. axb3 Ra3 24. Rfd1 Rda8 25. Kg2 R8a6 26. f4 Ra2 27. Nxd6 Bxd6 28. Rxd6 Rxd6 29. Rxd6 Rb2 30. Rxf6 Rxb3 31. Rc6 Rc3 32. Rxc5 Kg7 33. Kf3 Rc2 34. Rc6 b3 35. Rb6 Rxc4 36. Rxb3 f5 37. Rb7+ Kg6 38. Rb6+ Kg7 39. Re6 Kf7 40. Re5 Kf6 41. Kg3 Rc2 42. f3 h5 43. e4 h4+ 44. Kxh4 fxe4 45. fxe4 Rxh2+ 46. Kg4 Rg2+ 47. Kf3 Rh2 48. Ra5 Rh3+ 49. Kg4 Re3 50. Ra6+ Kf7 51. Kf5 Rb3 52. Ra7+ Ke8 53. e5 1-0

[Event "Al Ain U20 op 1st"]
[Site "Al Ain"]
[Date "2018.01.01"]
[Round "4"]
[White "Saif, Ahmed"]
[Black "Aaditya, Hari Krishnan"]
[Result "1-0"]
[WhiteElo "1752"]
[BlackElo "1264"]
[PlyCount "107"]
[EventDate "2017.12.30"]
[EventType "swiss"]
[EventRounds "9"]
[EventCountry "UAE"]
[SourceTitle "CBM 182 Extra"]
[Source "ChessBase"]
[SourceDate "2018.02.23"]
[SourceVersion "1"]
[SourceVersionDate "2018.02.23"]
[SourceQuality "1"]

1. e4 e5 2. Nf3 Nc6 3. Nc3 Nf6 4. d4 Bb4 5. Nxe5 Nxe5 6. dxe5 Nxe4 7. Qg4 Nxc3 8. Qxb4 Nd5 9. Qe4 Ne7 10. Bd3 Ng6 11. h4 h6 12. Bd2 Qe7 13. 0-0-0 d6 14. exd6 Qxe4 15. Bxe4 cxd6 16. Bc3 0-0 17. Rxd6 Nf4 18. Bf3 Re8 19. Re1 Rxe1+ 20. Bxe1 Ne6 21. Bc3 a6 22. a4 Ra7 23. a5 Ra8 24. b4 Kf8 25. Be5 f6 26. Bg3 Ke7 27. Rb6 Ra7 28. Bg4 Ra8 29. c4 Nd4 30. Bxc8 Rxc8 31. Rxb7+ Kf8 32. Rb8 Rxb8 33. Bxb8 Ke7 34. Ba7 Ne6 35. Kd2 Kd6 36. Be3 f5 37. h5 Kc6 38. Kd3 Kb7 39. b5 axb5 40. cxb5 Nc7 41. a6+ Ka8 42. Kc4 f4 43. Bc5 Ne6 44. Kd5 f3 45. g4 Nf4+ 46. Kc6 Nd3 47. b6 Nxc5 48. b7+ Ka7 49. Kxc5 g5 50. hxg6 h5 51. g7 hxg4 52. g8Q g3 53. b8Q+ Kxa6 54. Qa2# 1-0

[Event "Al Ain U20 op 1st"]
[Site "Al Ain"]
[Date "2017.12.31"]
[Round "3"]
[White "Mohammad, Nubairshah Shaikh"]
[Black "Saif, Ahmed"]
[Result "1-0"]
[WhiteElo "2380"]
[BlackElo "1752"]
[PlyCount "57"]
[EventDate "2017.12.30"]
[EventType "swiss"]
[EventRounds "9"]
[EventCountry "UAE"]
[SourceTitle "CBM 182 Extra"]
[Source "ChessBase"]
[SourceDate "2018.02.23"]
[SourceVersion "1"]
[SourceVersionDate "2018.02.23"]
[SourceQuality "1"]

1. c4 e6 2. Nc3 d5 3. d4 Nf6 4. cxd5 exd5 5. Bg5 Nbd7 6. e3 c6 7. Bd3 Be7 8. Qc2 Nh5 9. Bxe7 Qxe7 10. 0-0-0 Nb6 11. h3 g6 12. Nf3 Be6 13. Kb1 0-0-0 14. Na4 Nd7 15. Rc1 Kb8 16. Nd2 Ng7 17. Rhe1 Nf5 18. Nb3 Nd6 19. Na5 Rc8 20. f3 f5 21. Qd2 Ka8 22. Qb4 Rc7 23. e4 dxe4 24. fxe4 fxe4 25. Bxe4 Nf5 26. Qxe7 Nxe7 27. Bc2 Nf8 28. Nc5 Bf7 29. Naxb7 1-0

[Event "Abu Dhabi President Cup"]
[Site "Abu Dhabi"]
[Date "2017.12.29"]
[Round "9"]
[White "Hamdan, Marshool"]
[Black "Saif, Ahmed"]
[Result "1-0"]
[WhiteElo "1983"]
[BlackElo "1752"]
[PlyCount "67"]
[EventDate "2017.12.22"]
[EventType "swiss"]
[EventRounds "9"]
[EventCountry "UAE"]
[SourceTitle "CBM 182 Extra"]
[Source "ChessBase"]
[SourceDate "2018.02.23"]
[SourceVersion "1"]
[SourceVersionDate "2018.02.23"]
[SourceQuality "1"]

1. Nf3 d5 2. b3 Nf6 3. Bb2 e6 4. g3 Be7 5. Bg2 0-0 6. 0-0 b6 7. c4 Bb7 8. e3 c5 9. Nc3 Nbd7 10. cxd5 Nxd5 11. Nxd5 Bxd5 12. d4 Rc8 13. Qe2 cxd4 14. Nxd4 Bxg2 15. Kxg2 Bf6 16. Rfd1 Qe7 17. Qf3 Bxd4 18. Rxd4 Rc2 19. Rb1 Nf6 20. Ra4 Rd8 21. Ba3 Qc7 22. Rb2 Rc1 23. Rd2 Rxd2 24. Bxc1 Rd8 25. Rc4 Qd7 26. Bb2 Nd5 27. Rg4 g6 28. Rc4 Rc8 29. e4 Rxc4 30. bxc4 Nb4 31. Qf6 Kf8 32. Qh8+ Ke7 33. Bf6+ Kd6 34. Qf8+ 1-0

[Event "Abu Dhabi President Cup"]
[Site "Abu Dhabi"]
[Date "2017.12.23"]
[Round "2"]
[White "Mohamed, Marshool"]
[Black "Saif, Ahmed"]
[Result "1-0"]
[WhiteElo "1763"]
[BlackElo "1752"]
[PlyCount "85"]
[EventDate "2017.12.22"]
[EventType "swiss"]
[EventRounds "9"]
[EventCountry "UAE"]
[SourceTitle "CBM 182 Extra"]
[Source "ChessBase"]
[SourceDate "2018.02.23"]
[SourceVersion "1"]
[SourceVersionDate "2018.02.23"]
[SourceQuality "1"]

1. e4 e6 2. b3 d5 3. Bb2 dxe4 4. Nc3 Nf6 5. Qe2 Be7 6. Nxe4 0-0 7. 0-0-0 a5 8. a4 Nbd7 9. d4 b5 10. Nxf6+ Nxf6 11. Qxb5 Ba6 12. Qc6 Bxf1 13. Rxf1 Nd5 14. Ne2 Nb4 15. Qe4 Bf6 16. f4 c5 17. dxc5 Bxb2+ 18. Kxb2 Rc8 19. Rd1 Qe7 20. c3 Na6 21. c6 Nc5 22. Qc4 Rxc6 23. Nd4 Rcc8 24. Qe2 Qc7 25. Qf3 Rfd8 26. Nb5 Qb6 27. Rxd8+ Rxd8 28. Rd1 g6 29. g3 h5 30. Kc2 e5 31. Rxd8+ Qxd8 32. fxe5 Ne6 33. Nd6 Qc7 34. Qa8+ Nf8 35. Qb7 Qxb7 36. Nxb7 Nd7 37. Nxa5 Nxe5 38. Nc4 Nc6 39. a5 h4 40. b4 g5 41. b5 Na7 42. b6 Nc6 43. a6 1-0

[Event "Pardubice Czech op-J 27th"]
[Site "Pardubice"]
[Date "2016.07.15"]
[Round "1"]
[White "Saif, Ahmed"]
[Black "Neuman, Petr"]
[Result "0-1"]
[WhiteElo "1562"]
[BlackElo "2446"]
[PlyCount "70"]
[EventDate "2016.07.15"]
[EventType "swiss"]
[EventRounds "7"]
[EventCountry "CZE"]
[SourceTitle "EXT 2017"]
[Source "ChessBase"]
[SourceDate "2016.10.25"]
[SourceVersion "1"]
[SourceVersionDate "2016.10.25"]
[SourceQuality "1"]

1. e4 c5 2. Nf3 d6 3. d4 cxd4 4. Nxd4 Nf6 5. Nc3 Nc6 6. Be3 Ng4 7. Nxc6 bxc6 8. Bf4 Qb6 9. Qd2 e5 10. Bg5 h6 11. Bh4 g5 12. Bg3 Qxb2 13. Rb1 Qa3 14. h4 Rg8 15. hxg5 hxg5 16. Rb3 Qa5 17. Bc4 Nf6 18. 0-0 Be7 19. Rfb1 Nd7 20. Qd1 Nb6 21. Bf1 Be6 22. Rb4 Rd8 23. Qf3 g4 24. Qe3 Bg5 25. Qe2 Rh8 26. Qa6 Qxa6 27. Bxa6 Bd2 28. Na4 Bxb4 29. Rxb4 c5 30. Bb5+ Bd7 31. Bxd7+ Rxd7 32. Nxb6 cxb4 33. Nxd7 Kxd7 34. f4 gxf3 35. gxf3 Rc8 0-1